[Event "Titled Tuesday intern op 04th Mar Early"]
[Site "Chess.com INT"]
[Date "2025.03.04"]
[Round "9"]
[White "Tang, Andrew"]
[Black "Kobalia, Mihail"]
[Result "1/2-1/2"]
[WhiteElo "2529"]
[BlackElo "2538"]
[PlyCount "171"]
[EventDate "2025.03.04"]
[EventType "swiss (blitz)"]
[EventRounds "11"]
[EventCountry "USA"]
[SourceTitle "CB11_2025"]
[SourceDate "2025.03.12"]
[SourceVersion "1"]
[SourceVersionDate "2025.03.12"]
[SourceQuality "1"]

1. d4 d5 2. Nf3 Nf6 3. Bf4 c5 4. e3 Nc6 5. Nbd2 cxd4 6. exd4 Bf5 7. Bb5 Qb6 8. c4 dxc4 9. a4 e6 10. Nxc4 Bb4+ 11. Bd2 Bxd2+ 12. Qxd2 Qc7 13. Nce5 0-0 14. Rc1 Be4 15. 0-0 Bxf3 16. Nxf3 Qb6 17. Bxc6 bxc6 18. Ne5 Rac8 19. Rc4 Rfd8 20. Rfc1 h6 21. h3 Rd6 22. Qc2 Nd5 23. Nxc6 Re8 24. b4 a6 25. Qb3 Nf4 26. Qf3 Ng6 27. g3 Rd5 28. Rc5 Rd6 29. h4 Ne7 30. Ne5 Rf8 31. Nc4 Qd8 32. Nxd6 Qxd6 33. b5 axb5 34. axb5 Nf5 35. d5 Nd4 36. Qe4 Nb3 37. Rc6 Qb8 38. Rb1 Nd2 39. Qd3 Nxb1 40. Qxb1 exd5 41. b6 d4 42. Qf5 Qb7 43. Qc5 d3 44. Rc7 Qf3 45. Qd4 Rb8 46. b7 Rxb7 47. Rxb7 Qxb7 48. Qd8+ Kh7 49. Qxd3+ Kg8 50. h5 Qe7 51. Kg2 Qe5 52. Qd8+ Kh7 53. Qd3+ Kg8 54. g4 Qf4 55. f3 Qe5 56. Kf2 Qh2+ 57. Ke3 Qe5+ 58. Kd2 Qf4+ 59. Ke2 Qh2+ 60. Ke3 Qe5+ 61. Qe4 Qc3+ 62. Kf4 Qd2+ 63. Kg3 Qd6+ 64. f4 Qa3+ 65. Kf2 Qc5+ 66. Kf3 Qa3+ 67. Qe3 Qa8+ 68. Kg3 Qb8 69. Kh4 Qd8+ 70. g5 hxg5+ 71. fxg5 Kf8 72. Qe4 Kg8 73. Kg4 Qc8+ 74. Kh4 Qd8 75. Qf4 Qc8 76. h6 gxh6 77. gxh6 Qd8+ 78. Kh5 Qd5+ 79. Kh4 Qe6 80. Qg5+ Qg6 81. Qxg6+ fxg6 82. Kg4 Kh7 83. Kg5 Kh8 84. Kxg6 Kg8 85. h7+ Kh8 86. Kh6 1/2-1/2

[Event "Titled Tuesday intern op 25th Feb Early"]
[Site "Chess.com INT"]
[Date "2025.02.25"]
[Round "8"]
[White "Anton Guijarro, David"]
[Black "Kobalia, Mihail"]
[Result "1-0"]
[WhiteElo "2668"]
[BlackElo "2538"]
[PlyCount "101"]
[EventDate "2025.02.25"]
[EventType "swiss (blitz)"]
[EventRounds "11"]
[EventCountry "USA"]
[SourceTitle "CB10_2025"]
[SourceDate "2025.03.05"]
[SourceVersion "1"]
[SourceVersionDate "2025.03.05"]
[SourceQuality "1"]

1. e4 e5 2. Nf3 Nc6 3. Bc4 Nf6 4. Ng5 d5 5. exd5 Na5 6. Bb5+ c6 7. dxc6 bxc6 8. Bd3 Nd5 9. Nf3 Nf4 10. Bf1 Bd6 11. d3 Ng6 12. g3 c5 13. Bg2 Bb7 14. 0-0 0-0 15. h4 h6 16. Re1 Nc6 17. Nbd2 Nd4 18. c3 Nxf3+ 19. Bxf3 Qc7 20. Nc4 e4 21. Nxd6 exf3 22. Nxb7 Qxb7 23. h5 Ne7 24. Re3 Rfe8 25. Qxf3 Qxf3 26. Rxf3 Nd5 27. Kf1 Re5 28. g4 Rae8 29. Bd2 Nf6 30. Rf4 Re2 31. Rd1 R8e6 32. b3 Kh7 33. a3 a5 34. b4 axb4 35. axb4 cxb4 36. Rxb4 Nd5 37. Rd4 Nf6 38. c4 g6 39. hxg6+ Kxg6 40. c5 R2e5 41. Rc1 Re2 42. Be3 Ra2 43. c6 Ra8 44. c7 Rc8 45. Rd8 Re8 46. Rxe8 Nxe8 47. Bf4 f5 48. f3 fxg4 49. fxg4 h5 50. Rc6+ Kf7 51. gxh5 1-0

[Event "Titled Tuesday intern op 25th Feb Early"]
[Site "Chess.com INT"]
[Date "2025.02.25"]
[Round "4"]
[White "Kobalia, Mihail"]
[Black "Musial, Igor"]
[Result "1-0"]
[WhiteElo "2538"]
[BlackElo "2289"]
[PlyCount "129"]
[EventDate "2025.02.25"]
[EventType "swiss (blitz)"]
[EventRounds "11"]
[EventCountry "USA"]
[SourceTitle "CB10_2025"]
[SourceDate "2025.03.05"]
[SourceVersion "1"]
[SourceVersionDate "2025.03.05"]
[SourceQuality "1"]

1. Nf3 c5 2. e4 d6 3. Bb5+ Bd7 4. Bxd7+ Nxd7 5. 0-0 Ngf6 6. Qe2 e6 7. Rd1 Be7 8. d4 cxd4 9. Nxd4 a6 10. c4 0-0 11. b3 Re8 12. Nc3 Qc7 13. Bb2 d5 14. cxd5 exd5 15. Nxd5 Nxd5 16. exd5 Nf6 17. Rac1 Qd7 18. Qf3 Qxd5 19. Qxd5 Nxd5 20. Nf5 Bf6 21. Bxf6 Nxf6 22. Kf1 g6 23. Nd6 Re7 24. Nc8 Re8 25. Nb6 Rad8 26. f3 Rxd1+ 27. Rxd1 Re6 28. Na4 Rc6 29. Rd2 b5 30. Nb2 Kf8 31. Ke2 Ke7 32. Nd3 Nd5 33. Ne5 Rd6 34. Kf2 f6 35. Ng4 h5 36. Ne3 Nxe3 37. Re2 Kd7 38. Rxe3 Re6 39. Rd3+ Rd6 40. Ke3 Ke6 41. Rxd6+ Kxd6 42. Kd4 a5 43. a3 g5 44. b4 a4 45. g3 f5 46. h3 g4 47. fxg4 fxg4 48. hxg4 hxg4 49. Ke4 Ke6 50. Kf4 Kd5 51. Kxg4 Kc4 52. Kf4 Kb3 53. g4 Kxa3 54. g5 Kxb4 55. g6 a3 56. g7 a2 57. g8Q a1Q 58. Qf8+ Kc4 59. Qf7+ Kc5 60. Qe7+ Kb6 61. Qd8+ Kc6 62. Qe8+ Kd5 63. Qd7+ Kc5 64. Qc7+ Kd4 65. Qg7+ 1-0

[Event "Titled Tuesday intern op 25th Feb Early"]
[Site "Chess.com INT"]
[Date "2025.02.25"]
[Round "11"]
[White "Kobalia, Mihail"]
[Black "Zhauynbay, Aldiyar"]
[Result "1-0"]
[WhiteElo "2538"]
[BlackElo "2109"]
[PlyCount "97"]
[EventDate "2025.02.25"]
[EventType "swiss (blitz)"]
[EventRounds "11"]
[EventCountry "USA"]
[SourceTitle "CB10_2025"]
[SourceDate "2025.03.05"]
[SourceVersion "1"]
[SourceVersionDate "2025.03.05"]
[SourceQuality "1"]

1. Nf3 Nf6 2. d4 e6 3. c4 b6 4. g3 Bb4+ 5. Bd2 Bxd2+ 6. Qxd2 Bb7 7. Bg2 0-0 8. 0-0 d6 9. Nc3 Ne4 10. Nxe4 Bxe4 11. d5 exd5 12. cxd5 Bxf3 13. Bxf3 Nd7 14. b4 Ne5 15. Bg2 Qe7 16. Rfc1 f5 17. a3 Ng6 18. e3 Ne5 19. Rc3 a5 20. Rac1 Rfc8 21. Qc2 axb4 22. axb4 Ra7 23. Qxf5 Rf8 24. Qe4 Qf7 25. f4 Ng4 26. Qe6 Qxe6 27. dxe6 c5 28. bxc5 bxc5 29. Rd1 Rd8 30. h3 Nf6 31. Rxc5 Kf8 32. Rc3 Ke7 33. f5 g6 34. e4 gxf5 35. exf5 h5 36. Rdc1 Ne8 37. g4 hxg4 38. hxg4 Kf6 39. Rc8 Rxc8 40. Rxc8 Ng7 41. Rf8+ Ke5 42. Rf7 Ra1+ 43. Kh2 Nxe6 44. Re7 Kf4 45. Rxe6 Kxg4 46. f6 Ra2 47. Re4+ Kf5 48. Rf4+ Kxf4 49. f7 1-0

[Event "Titled Tuesday intern op 25th Feb Early"]
[Site "Chess.com INT"]
[Date "2025.02.25"]
[Round "10"]
[White "Panin, Mikhail"]
[Black "Kobalia, Mihail"]
[Result "0-1"]
[WhiteElo "2189"]
[BlackElo "2538"]
[PlyCount "66"]
[EventDate "2025.02.25"]
[EventType "swiss (blitz)"]
[EventRounds "11"]
[EventCountry "USA"]
[SourceTitle "CB10_2025"]
[SourceDate "2025.03.05"]
[SourceVersion "1"]
[SourceVersionDate "2025.03.05"]
[SourceQuality "1"]

1. Nf3 d6 2. d4 g6 3. b3 Bg7 4. Bb2 Nf6 5. g3 0-0 6. Bg2 Bf5 7. 0-0 d5 8. c4 c6 9. Nbd2 Ne4 10. e3 Nd7 11. Rc1 Re8 12. h3 Nxd2 13. Nxd2 Be6 14. e4 dxc4 15. Nxc4 Bxc4 16. Rxc4 Nb6 17. Rc2 Qd7 18. Rd2 Rad8 19. Qe2 e5 20. Rfd1 exd4 21. b4 Na4 22. Ba1 Qe7 23. Bxd4 Bxd4 24. Rxd4 Nc3 25. Qd2 Nxd1 26. Qxd1 Rxd4 27. Qxd4 Rd8 28. Qxa7 Qxb4 29. Kh2 Rd2 30. Qb8+ Qf8 31. Qxb7 Rxf2 32. a4 Qc5 33. e5 Qd5 0-1

[Event "Djerba Blitz op"]
[Site "Djerba"]
[Date "2025.02.19"]
[Round "5"]
[White "Amrane, Abdellah"]
[Black "Kobalia, Mihail"]
[Result "0-1"]
[WhiteElo "2021"]
[BlackElo "2538"]
[PlyCount "88"]
[EventDate "2025.02.19"]
[EventType "swiss (blitz)"]
[EventRounds "9"]
[EventCountry "TUN"]
[SourceTitle "CB09_2025"]
[SourceDate "2025.02.27"]
[SourceVersion "1"]
[SourceVersionDate "2025.02.27"]
[SourceQuality "1"]

1. e4 c5 2. Nf3 e6 3. d4 cxd4 4. Nxd4 Nc6 5. Nc3 a6 6. a3 d6 7. Be2 Bd7 8. Be3 Nf6 9. 0-0 Be7 10. Nb3 Na5 11. Nxa5 Qxa5 12. f4 0-0 13. Qe1 Qc7 14. Bf3 Bc6 15. g4 d5 16. e5 Nd7 17. Qf2 Rac8 18. Ne2 Bb5 19. c3 Bc5 20. Rfd1 Bxe2 21. Bxe2 Bxe3 22. Qxe3 g5 23. f5 h6 24. fxe6 fxe6 25. Re1 Qxe5 26. Qxe5 Nxe5 27. Bd1 Nc4 28. Re3 e5 29. Rxe5 Nxb2 30. Re6 Nc4 31. Bb3 Rc7 32. Rxh6 Rcf7 33. Rg6+ Rg7 34. Rxg7+ Kxg7 35. Bxc4 dxc4 36. Rd1 Rf3 37. Rd7+ Kf6 38. Rxb7 Rxc3 39. Rb6+ Ke5 40. Rxa6 Rc2 41. h3 c3 42. Ra4 Rd2 43. Ra5+ Kd4 44. Rxg5 c2 0-1

[Event "Djerba Blitz op"]
[Site "Djerba"]
[Date "2025.02.19"]
[Round "2"]
[White "Kobalia, Mihail"]
[Black "Msalmi, Hamed"]
[Result "1-0"]
[WhiteElo "2538"]
[BlackElo "1747"]
[PlyCount "81"]
[EventDate "2025.02.19"]
[EventType "swiss (blitz)"]
[EventRounds "9"]
[EventCountry "TUN"]
[SourceTitle "CB09_2025"]
[SourceDate "2025.02.27"]
[SourceVersion "1"]
[SourceVersionDate "2025.02.27"]
[SourceQuality "1"]

1. e4 c6 2. d4 d5 3. exd5 cxd5 4. Bd3 Nf6 5. c3 g6 6. Nf3 Bg4 7. Nbd2 Nc6 8. h3 Bxf3 9. Nxf3 Bg7 10. 0-0 0-0 11. Bf4 a6 12. a4 Ne4 13. Ng5 Nxg5 14. Bxg5 Qc7 15. Re1 Rfe8 16. Bc2 Rac8 17. Qd3 Nxd4 18. Bd1 Ne6 19. Be3 Qc4 20. Qd2 Red8 21. Bg4 Rc6 22. a5 Nc7 23. Bb6 e6 24. Qg5 Re8 25. Be2 Qe4 26. Bxa6 Qxe1+ 27. Rxe1 Nxa6 28. Qd2 Rec8 29. Qd3 Nc5 30. Qb5 Ne4 31. Ra1 Nd6 32. Qe2 Nc4 33. Bd4 e5 34. Be3 f6 35. Bc1 Nd6 36. Qd3 Rc5 37. Be3 d4 38. cxd4 e4 39. Qb3+ Rc4 40. Bf4 Bf8 41. a6 1-0

[Event "Chessable Masters Play In"]
[Site "Chess.com INT"]
[Date "2025.02.17"]
[Round "7"]
[White "Bharath, Subramaniyam H"]
[Black "Kobalia, Mihail"]
[Result "1-0"]
[WhiteElo "2567"]
[BlackElo "2538"]
[PlyCount "105"]
[EventDate "2025.02.17"]
[EventType "swiss (blitz)"]
[EventRounds "9"]
[EventCountry "USA"]
[SourceTitle "CB08_2025"]
[SourceDate "2025.02.19"]
[SourceVersion "1"]
[SourceVersionDate "2025.02.19"]
[SourceQuality "1"]

1. e4 e5 2. Nf3 Nc6 3. Bc4 Nf6 4. d3 Be7 5. 0-0 0-0 6. a4 d6 7. a5 Be6 8. Nc3 d5 9. Bb5 dxe4 10. Bxc6 exf3 11. Bxf3 Nd5 12. a6 b6 13. Bd2 c6 14. Re1 Qc7 15. Qe2 Bd6 16. Ne4 Be7 17. Ng3 Bd6 18. Nh5 Rae8 19. c4 Ne7 20. Bc3 Ng6 21. Qe4 Bd7 22. g3 f5 23. Qe2 Bc5 24. b4 Bd4 25. Bxd4 exd4 26. Qd2 Ne5 27. Bg2 Qd6 28. Re2 Ng6 29. Rae1 Rxe2 30. Rxe2 f4 31. Nxf4 Nxf4 32. gxf4 Qxf4 33. Qxf4 Rxf4 34. Re7 Rf7 35. Re4 Kf8 36. Rxd4 Ke7 37. Kf1 Rf6 38. Ke2 c5 39. Re4+ Kd6 40. b5 Bf5 41. Re3 Rh6 42. h3 Bd7 43. Rg3 g6 44. Rf3 Ke7 45. Ke3 Rh4 46. Rf4 Rxf4 47. Kxf4 Kf6 48. d4 g5+ 49. Ke3 cxd4+ 50. Kxd4 Ke7 51. c5 bxc5+ 52. Kxc5 Bc8 53. Bb7 1-0

[Event "Chessable Masters Play In"]
[Site "Chess.com INT"]
[Date "2025.02.17"]
[Round "3"]
[White "Fressinet, Laurent"]
[Black "Kobalia, Mihail"]
[Result "1-0"]
[WhiteElo "2588"]
[BlackElo "2538"]
[PlyCount "107"]
[EventDate "2025.02.17"]
[EventType "swiss (blitz)"]
[EventRounds "9"]
[EventCountry "USA"]
[SourceTitle "CB08_2025"]
[SourceDate "2025.02.19"]
[SourceVersion "1"]
[SourceVersionDate "2025.02.19"]
[SourceQuality "1"]

1. Nf3 d5 2. e3 Nf6 3. c4 c6 4. Nc3 Bg4 5. Qb3 Qb6 6. Ne5 Be6 7. d4 dxc4 8. Bxc4 Bxc4 9. Qxc4 e6 10. 0-0 Be7 11. e4 0-0 12. Be3 Qa6 13. f3 Rd8 14. Rfd1 Nfd7 15. Qxa6 Nxa6 16. Nc4 b6 17. Rac1 Rac8 18. a3 Nc7 19. Bf4 Ne8 20. Kf1 h6 21. Ke2 Bg5 22. Bxg5 hxg5 23. e5 c5 24. d5 exd5 25. Nxd5 Kf8 26. a4 Nb8 27. Nde3 Nc6 28. Nf5 Nd4+ 29. Nxd4 cxd4 30. Kd3 Rc5 31. b4 Rcd5 32. g3 b5 33. Na5 Rxe5 34. Nc6 Re3+ 35. Kd2 Rd5 36. axb5 Rxf3 37. Rc5 Rf2+ 38. Ke1 Rxc5 39. bxc5 Rc2 40. Nxa7 Rxc5 41. Rxd4 Rc7 42. b6 Rb7 43. Nc8 Rb8 44. Rd8 f5 45. Ke2 g4 46. Kf2 g6 47. Ke2 g5 48. Kf2 f4 49. Ke2 Rb7 50. Rxe8+ Kxe8 51. Nd6+ Kd7 52. Nxb7 Kc6 53. Nd8+ Kxb6 54. Ne6 1-0

[Event "Chessable Masters Play In"]
[Site "Chess.com INT"]
[Date "2025.02.17"]
[Round "8"]
[White "Kobalia, Mihail"]
[Black "Dvirnyy, Danyyil"]
[Result "1-0"]
[WhiteElo "2538"]
[BlackElo "2488"]
[PlyCount "101"]
[EventDate "2025.02.17"]
[EventType "swiss (blitz)"]
[EventRounds "9"]
[EventCountry "USA"]
[SourceTitle "CB08_2025"]
[SourceDate "2025.02.19"]
[SourceVersion "1"]
[SourceVersionDate "2025.02.19"]
[SourceQuality "1"]

1. e4 e5 2. Nf3 Nc6 3. Bb5 a6 4. Ba4 Nf6 5. 0-0 Be7 6. d3 b5 7. Bb3 0-0 8. a4 Bb7 9. Re1 d6 10. Bd2 h6 11. h3 Qd7 12. Nc3 Nd8 13. axb5 axb5 14. Rxa8 Bxa8 15. d4 b4 16. Nd5 Bxd5 17. exd5 e4 18. Nh2 c6 19. dxc6 Nxc6 20. d5 Na5 21. Bxb4 Nxb3 22. cxb3 Qf5 23. f3 exf3 24. Nxf3 Re8 25. Bc3 Nxd5 26. Qd4 Nf6 27. b4 Qd7 28. Qd3 Rb8 29. Nd4 Bf8 30. b5 d5 31. Nc6 Re8 32. Rxe8 Nxe8 33. Bd4 Nc7 34. Ne5 Qc8 35. b6 Ne6 36. Qf5 Qb7 37. Bf2 Bd6 38. Nd3 Qc6 39. b4 d4 40. Nc5 Nf4 41. Qe4 Qxb6 42. Qe8+ Kh7 43. Qxf7 Qxb4 44. Qf5+ Ng6 45. Nd3 Qc4 46. h4 Qc2 47. h5 Qd1+ 48. Be1 Qe2 49. hxg6+ Kg8 50. Qd5+ Kh8 51. Qa8+ 1-0